000 00363nam a22001457a 4500
008 230228b |||||||| |||| 00| 0 eng d
020 _a978-93-5489-777-1
082 _a813.54
100 _aVauhini Vara
245 _aThe Immortal King Rao
260 _bFourth Estate,
_c2022
300 _a374 p.
_c23.7 cm
942 _2ddc
999 _c9366
_d9367